00484nam a2200193 a 4500001001300000003000900013005001700022008004100039020001000080082001600090100003000106245001900136260003500155300000900190500003500199505001000234650001600244700003000260nice12345678IN_TiNIC20260116011304.0050524s1897 teha grp 000 0 per  ac10000a297.4bMOO1 aMoosvi, Mohd Bin Ibraheem aHayatul Muhibb aTehranbAli Asghar Pressc1897 a150p aincludes index and biblioraphy2 aIndex aSufism-Iran1 aMoosvi, Mohd Bin Ibraheem